ARRUPE JESUIT UNIVERSITY

CORONAVIRUS -STOP THE SPREAD - CLEAN,DISINFECT,COVER

Rebel people / (Record no. 125296)

MARC details
000 -LEADER
fixed length control field 00784cam a2200265 i 4500
001 - CONTROL NUMBER
control field 848923
003 - CONTROL NUMBER IDENTIFIER
control field ARRUPE
005 - DATE AND TIME OF LATEST TRANSACTION
control field 20160920145432.0
008 - FIXED-LENGTH DATA ELEMENTS--GENERAL INFORMATION
fixed length control field 781219s1978 enkb 000 0 eng
010 ## - LIBRARY OF CONGRESS CONTROL NUMBER
LC control number 78040205
015 ## - NATIONAL BIBLIOGRAPHY NUMBER
National bibliography number GB***
020 ## - INTERNATIONAL STANDARD BOOK NUMBER
International Standard Book Number 0049200569 :
Terms of availability £5.50
040 ## - CATALOGING SOURCE
Original cataloging agency DLC
Transcribing agency DLC
Modifying agency DLC
043 ## - GEOGRAPHIC AREA CODE
Geographic area code f-rh---
-- f-ug---
050 00 - LIBRARY OF CONGRESS CALL NUMBER
Classification number DT962.75
Item number .H655
082 00 - DEWEY DECIMAL CLASSIFICATION NUMBER
Classification number 968.9/1/04
300 ## - PHYSICAL DESCRIPTION
Other physical details maps ;
Dimensions 23 cm.
100 1# - MAIN ENTRY--PERSONAL NAME
Personal name Hills, Denis
9 (RLIN) 26004
245 10 - TITLE STATEMENT
Title Rebel people /
Statement of responsibility, etc by Denis Hills.
260 ## - PUBLICATION, DISTRIBUTION, ETC. (IMPRINT)
Place of publication, distribution, etc London ;
-- Boston :
Name of publisher, distributor, etc George Allen & Unwin,
Date of publication, distribution, etc 1978.
300 ## - PHYSICAL DESCRIPTION
Extent 248 p. :
650 #0 - SUBJECT ADDED ENTRY--TOPICAL TERM
Topical term or geographic name as entry element Rhodesia, Southern
General subdivision Politicis and goverment
9 (RLIN) 26005
650 #0 - SUBJECT ADDED ENTRY--TOPICAL TERM
Topical term or geographic name as entry element Rhodesia, Southern
General subdivision History
9 (RLIN) 26006
906 ## - LOCAL DATA ELEMENT F, LDF (RLIN)
a 7
b cbc
c orignew
d 2
e ocip
f 19
g y-gencatlg
942 ## - ADDED ENTRY ELEMENTS (KOHA)
Source of classification or shelving scheme Library of Congress Classification
Koha item type Monograph ( Printed materials)
Holdings
Withdrawn status Lost status Source of classification or shelving scheme Damaged status Not for loan Collection code Home library Current library Shelving location Date acquired Total Checkouts Full call number Barcode Date last seen Price effective from Koha item type
    Library of Congress Classification     Main Collection ARRUPE LIBRARY ARRUPE LIBRARY Main Collection 20/09/2016   DT962.75 .H655 46500010209 07/12/2017 20/09/2016 Monograph ( Printed materials)

 

Arrupe Library. PO Box MP320 Mt Pleasant, Harare, Zimbabwe
263 242 745411|librarian@aju.ac.zw